<?xml version="1.0" encoding="UTF-8"?>
<marc:record xmlns:marc="http://www.loc.gov/MARC21/slim">
   <marc:leader>00000nam a2200000 a 4500</marc:leader>
   <marc:datafield ind1="1" ind2=" " tag="100">
      <marc:subfield code="a">Levy, Gerhard</marc:subfield>
      <marc:subfield code="4">aut</marc:subfield>
      <marc:subfield code="e">Verfasser/-in</marc:subfield>
   </marc:datafield>
   <marc:datafield ind1=" " ind2=" " tag="653">
      <marc:subfield code="a">Krimis, Thriller, Spionage</marc:subfield>
   </marc:datafield>
   <marc:datafield ind1=" " ind2=" " tag="653">
      <marc:subfield code="a">Steuerfahndung</marc:subfield>
   </marc:datafield>
   <marc:datafield ind1=" " ind2=" " tag="653">
      <marc:subfield code="a">Steuerbetrug</marc:subfield>
   </marc:datafield>
   <marc:datafield ind1=" " ind2=" " tag="653">
      <marc:subfield code="a">Schmuggel</marc:subfield>
   </marc:datafield>
   <marc:datafield ind1=" " ind2=" " tag="653">
      <marc:subfield code="a">Falschgeld</marc:subfield>
   </marc:datafield>
   <marc:datafield ind1=" " ind2=" " tag="653">
      <marc:subfield code="a">Zigaretten</marc:subfield>
   </marc:datafield>
   <marc:datafield ind1=" " ind2=" " tag="653">
      <marc:subfield code="a">Organisierte Kriminalität</marc:subfield>
   </marc:datafield>
   <marc:datafield ind1="0" ind2="0" tag="245">
      <marc:subfield code="a">Schwarzgeld - Steuerfahnder Josi Bachler ermittelt weiter</marc:subfield>
   </marc:datafield>
   <marc:datafield ind1="0" ind2="0" tag="245">
      <marc:subfield code="b">Ein Steuerkrimi aus Niederösterreich - Band 2</marc:subfield>
   </marc:datafield>
   <marc:datafield ind1="0" ind2="0" tag="245">
      <marc:subfield code="c">Levy, Gerhard</marc:subfield>
   </marc:datafield>
   <marc:datafield ind1=" " ind2="1" tag="264">
      <marc:subfield code="a">[S.l.] @</marc:subfield>
      <marc:subfield code="b">Buchschmiede von Dataform Media GmbH</marc:subfield>
      <marc:subfield code="c">2025</marc:subfield>
   </marc:datafield>
   <marc:datafield ind1=" " ind2=" " tag="250">
      <marc:subfield code="a">1. Auflage</marc:subfield>
   </marc:datafield>
   <marc:datafield ind1="1" ind2=" " tag="520">
      <marc:subfield code="a">Band 2 beginnt in der Nacht auf Freitag. Ein Sattelschlepper aus Rumänien wird am Großgrünmarkt in Inzersdorf  erwartet. Josi und das SOKO-Team vermuten Schmuggelware zu finden. Die Aktion endet mit der Festnahme des LKW-Fahrers und Suspendierungen einiger Zöllner.&#xD;
Nach einem arbeitsreichen Wochenende geht es Schlag auf Schlag. Bei weiteren Abnehmern in Österreich wird durchsucht, eine Spur führt nach München, wo Josi eine fesche Staatsanwältin bei Ermittlungen unterstützt.&#xD;
Danach begibt sich das SOKO-Team auf die nicht ungefährliche Suche nach den illegalen Produktionsstätten in Rumänien und Bulgarien und der Zentrale der Organisation in Serbien.&#xD;
Der Herr Hofrat tobt und Josi hat seinen Spaß, auch weil Mary ihre SOKO-Mitgliedschaft verlängert und in seinem Bungalow in der Südstadt vom Gästezimmer in sein Schlafzimmer übersiedelt.&#xD;
Es geht garantiert spannend und humorvoll weiter.</marc:subfield>
   </marc:datafield>
   <marc:datafield ind1=" " ind2=" " tag="020">
      <marc:subfield code="a">9783991810179</marc:subfield>
      <marc:subfield code="9">9783991810179</marc:subfield>
   </marc:datafield>
   <marc:datafield ind1=" " ind2=" " tag="020">
      <marc:subfield code="a">3991810174</marc:subfield>
      <marc:subfield code="9">3991810174</marc:subfield>
   </marc:datafield>
   <marc:datafield ind1=" " ind2=" " tag="041">
      <marc:subfield code="a">ger</marc:subfield>
   </marc:datafield>
   <marc:datafield ind1=" " ind2=" " tag="338">
      <marc:subfield code="a">Band</marc:subfield>
   </marc:datafield>
   <marc:datafield ind1=" " ind2=" " tag="300">
      <marc:subfield code="a">386 Seiten</marc:subfield>
   </marc:datafield>
</marc:record>
